000 00381nam a22001457a 4500
999 _c8958
_d8958
003 OSt
008 200714b ||||| |||| 00| 0 eng d
100 _aRao ,G. Devala
245 _aPractical Analytical Chemistry
250 _a2nd 2019
260 _aNew Delhi
_bBirla Publications
300 _aPg-188
650 _aPharmaceutical Analysis and Quality Assurance
942 _2ddc
_cBK